| 000 | 00330nam a2200097Ia 4500 | ||
|---|---|---|---|
| 008 | 210430s9999 xx 000 0 und d | ||
| 082 | _a621.4021 M8271 F | ||
| 100 |
_aBy Michael J. Moran / Howard N. Shapiro _953659 |
||
| 245 |
_aFundamentals of Engineering Thermodynamics _cBy Michael J. Moran / Howard N. Shapiro |
||
| 942 |
_cBK _2ddc |
||
| 999 |
_c563820 _d563820 |
||